000 00296nam a22001337a 4500
008 170527b xxu||||| |||| 00| 0 eng d
020 _a0517558505
041 _aeng
080 _a623
100 _a27
101 _aIM
245 _aADVANCED TECHNOLOGY WARFARE
_cFRIEDMAN, R.S
942 _2udc
_cBK
999 _c14697
_d14697